000 01100cad a22002415a 4500
001 E153462
008 110801s2011 xxk f 000 0 eng d
020 1 _a9781842197059
035 _a(Sirsi) u153462
041 0 _aeng
100 1 _aDeus, Dorothea
245 0 0 _aSpatial-temporal analysis of wooded grassland ecosystem for management of wildlife habitats using landsat imageries
_h[electronic resource]
260 _aLondon
_bRICS
_c2011
490 0 _aRICS Findings in Built and Rural Environments
520 _aLooks at the way in which spatial and temporal variation analysis of wooded grassland ecosystems can be used in the sustainable management and conservation of such areas. The study examines the changes which took place in Tarangire national park in Tanzania between 1979 and 2009.
521 _aAdvanced
590 _aKA
651 4 _aTanzania
690 _aENVIRONMENTAL AND LAND CONSULTANCY-LAND MANAGEMENT
700 1 _aGloaguen, Richard
856 4 0 _uhttps://www.rics.org/site/download_feed.aspx?fileID=9951&fileExtension=PDF
_zBroken link - not available
942 _n0
999 _c112527
_d112527